01421nam a22002777a 4500003001400000005001700014008004100031020001800072040002800090041000800118082003000126100003300156245014100189246007200330250001400402260004500416300002300461500004800484505029500532650004500827900001600872942001200888952011300900952011301013999001701126KOHA_MİRAKIL20260416101422.0260416b tu ||||| |||| 00| 0 tur d a9786057118790 aTR-AnABBbturcTR-AnABB atur a305.892 705 613bPEN 20221 aPenbecioğlu, Sezen Savran 10aKüçük Halep büyük umutlar :bAnkara Altındağ'da Suriyelilerin gündelik yaşamı ve mekanı /cSezen Savran Penbecioğlu aAnkara Altındağ'da Suriyelilerin gündelik yaşamı ve mekanı a1. baskı aAnkara :bİdealkent Yayınları,c2022 a228 sayfa ;c20 cm a2020 İlhan Tekeli Doktora tez ödülü aİçindekiler: Araştırma yaklaşımı: İkilikler arasındaki eşiklerde durmak - Dünyada ve Türkiye'de göç, mültecilik - Göç, kentsel mekan ve planlama ilişkisi - Gündelik yaşam pratikleri ve mekansal boyutları -Araştırma yöntemi - Araştırma bulguları04aGöç ve yerleşim, Ankara, Türkiye bCan ÇELIK 2ddccBK 00102ddc70aRUKbRUKd2026-04-16l0o305.892 705 613 PEN 2022pRK7178r2026-04-16 07:59:36w2026-04-16yBK 00102ddc70aRUKbRUKd2026-04-16l0o305.892 705 613 PEN 2022pRK7179r2026-04-16 10:16:16w2026-04-16yBK c10287d10287